Normale Ansicht
MARC-Ansicht
Eintrag Personenname
001 - Kontrollnummer
- Kontrollfeld: 69062
003 - Kontrollnummer Identifier
- Kontrollfeld:
005 - Datum und Zeit der letzten Transaktion
- Kontrollfeld: 20260416173615.0
008 - Datenelemente mit fester Länge
- Kontrollfeld mit fester Länge: 260416|| aca||aabn | a|a d
040 ## - Katalogisierungsquelle
- Original-Katalogisierungsstelle:
- Übertragungsstelle:
100 ## - Ansetzung - Personenname
- Personenname: Davidson, Denise Z
670 ## - Datenquelle
- Quellenangabe: Work cat.: ()74088: Banks, Bryan A. 69060, The Global Age of Revolutions :